South Eastern Kenya University

Library Online Public Access Catalogue


Pedometer walking : (Record no. 4283)

MARC details
000 -LEADER
fixed length control field 01281cam a22002774a 4500
001 - CONTROL NUMBER
control field 14121586
003 - CONTROL NUMBER IDENTIFIER
control field OSt
005 - DATE AND TIME OF LATEST TRANSACTION
control field 20150625114537.0
008 - FIXED-LENGTH DATA ELEMENTS--GENERAL INFORMATION
fixed length control field 050927s2006 ctua b 001 0 eng
010 ## - LIBRARY OF CONGRESS CONTROL NUMBER
LC control number 2005028062
020 ## - INTERNATIONAL STANDARD BOOK NUMBER
International Standard Book Number 1592287026
040 ## - CATALOGING SOURCE
Original cataloging agency SEKU
050 00 - LIBRARY OF CONGRESS CALL NUMBER
Classification number RA 781.65
Item number .F4
100 1# - MAIN ENTRY--PERSONAL NAME
Personal name Fenton, Mark.
245 10 - TITLE STATEMENT
Title Pedometer walking :
Remainder of title stepping your way to health, weight loss and fitness/
Statement of responsibility, etc. Mark Fenton and David Bassett, Jr. with Tracy Teare.
260 ## - PUBLICATION, DISTRIBUTION, ETC. (IMPRINT)
Place of publication, distribution, etc. Guilford, CT :
Name of publisher, distributor, etc. Lyons Press,
Date of publication, distribution, etc. c2006.
300 ## - PHYSICAL DESCRIPTION
Extent xix, 161 p. :
Other physical details ill. ;
504 ## - BIBLIOGRAPHY, ETC. NOTE
Bibliography, etc Includes bibliographical references (p. [145]-154)
505 0# - FORMATTED CONTENTS NOTE
Formatted contents note A safety reminder -- Introduction: Ericka's incredible shrinking world -- Week one: how active is your life? -- Week two: finding steps in everyday life -- Week three: walking toward the gold standard of 10,000 steps a day -- Week four: hiking up your step total -- Week five: more steps, less time -- Week six: get serious -- 11 most frequently asked questions -- Resources -- Further reading and references .. How the authors hit their 10,000 steps a day.
650 #0 - SUBJECT ADDED ENTRY--TOPICAL TERM
Topical term or geographic name as entry element Fitness walking.
650 #0 - SUBJECT ADDED ENTRY--TOPICAL TERM
Topical term or geographic name as entry element Weight loss.
650 #0 - SUBJECT ADDED ENTRY--TOPICAL TERM
Topical term or geographic name as entry element Physical fitness.
700 1# - ADDED ENTRY--PERSONAL NAME
Personal name Bassett, David R.,
Dates associated with a name 1928-
700 1# - ADDED ENTRY--PERSONAL NAME
Personal name Teare, Tracy.
942 ## - ADDED ENTRY ELEMENTS (KOHA)
Source of classification or shelving scheme Library of Congress Classification
Koha item type General circulation
Holdings
Withdrawn status Lost status Source of classification or shelving scheme Damaged status Not for loan Home library Current library Shelving location Date acquired Total Checkouts Full call number Barcode Date last seen Price effective from Koha item type
    Library of Congress Classification     Main Campus Library Main Campus Library General Stacks 25/06/2015   RA 781.65 .F4 2015/000693 25/06/2015 25/06/2015 General circulation
Kitui, Kenya.
+254736116989
library@seku.ac.ke